Halloween - words from TRICK OR TREAT - Statistics

General Stats
  • This quiz has been taken 54 times
  • The average score is 6 of 15
Answer Stats
Clue (# of Letters) Answer % Correct
Sound a frog makes (5) croak
90%
Something you would buy from John Deere (7) tractor
69%
Allegedly, Marie Antoinette's dining suggestion (4) cake
60%
Thespian (5) actor
52%
Two quartets combined (5) octet
52%
Slang for heart (6) ticker
48%
Geppetto, to Pinocchio (7) creator
42%
Italian whey cheese in your cannoli (7) ricotta
42%
It can get you in (6) ticket
38%
Benedict Arnold, to Uncle Sam (7) traitor
35%
Timber used in shipbuilding and furniture (4) teak
31%
Root vegetable of the parsley family (6) carrot
29%
You'll need one on some courts (6) racket
29%
What fancy people call clothes (6) attire
21%
Slang for animal (7) critter
8%
No matching quizzes found
Score Distribution
Percent of People with Each Score
Percentile by Number Answered
Your Score History
You have not taken this quiz